| 000 | 00582nam a2200181Ia 4500 | ||
|---|---|---|---|
| 003 | IN-BaIIA | ||
| 008 | 211028s9999 xx 000 0 eng d | ||
| 020 | _a9971-950-95-2 | ||
| 040 | _cIIA Library | ||
| 080 |
_a530.12.3(082.2) _bREL |
||
| 245 | 0 |
_aRelativity cosmology topological mass and supergravity _cedited by C. Aragone |
|
| 260 |
_aNew Jersey _bWorld Scientific _c1983 |
||
| 300 | _a[various pagings.] | ||
| 650 |
_aRelativity cosmology _932642 |
||
| 650 |
_aSupergravity _911828 |
||
| 700 |
_aAragone, C., ed. _932643 |
||
| 942 | _cBK | ||
| 999 |
_c17320 _d17320 |
||